000 00729nam a2200217Ia 4500
003 OSt
005 20250211160914.0
008 210210b2013 xxu||||| |||| 00| 0 eng d
020 _a9789381005743
040 _cAL
041 _ahin
082 _aH891.309 CHAM
100 _aCHAVDA (Ranjna Yadunandan)
_9199193
110 _bचौड़ा रंजना यदुनंदन
_9199194
245 _aMahila upanyaskaron mein nari ka badaltha svarup:
_bमहिला उपन्यासकरों में नारी का बदलता स्वरूप
260 _aJaipur
_bRaj Publishing House
_c2013
300 _aviii,262
690 _aHindi Criticism
_9199195
906 _a068951
942 _2ddc
_cBK
999 _c153071
_d153071